[Event "Ruhrgebiet VK1 0910"]
[Site "Ruhrgebiet"]
[Date "2009.09.27"]
[Round "2.7"]
[White "Wiktor, Reinhard"]
[Black "Sokalska, Viktorija"]
[Result "1/2-1/2"]
[WhiteElo "1833"]
[BlackElo "2026"]
[PlyCount "89"]
[EventDate "2009.09.06"]
[EventType "team"]
[EventRounds "9"]
[EventCountry "GER"]
[SourceTitle "EXT 2011"]
[Source "ChessBase"]
[SourceDate "2010.11.26"]
[SourceVersion "1"]
[SourceVersionDate "2010.11.26"]
[SourceQuality "1"]
[WhiteTeam "Mengede SG"]
[BlackTeam "Muelheim Nord III"]
[WhiteTeamCountry "GER"]
[BlackTeamCountry "GER"]

1. d4 Nf6 2. c4 g6 3. Nc3 d5 4. e3 Bg7 5. Nf3 0-0 6. Be2 a6 7. 0-0 dxc4 8. Bxc4 b5 9. Bd3 Bb7 10. a3 Nbd7 11. e4 c5 12. d5 c4 13. Bc2 Nc5 14. Be3 Rc8 15. Qe2 Qc7 16. Rad1 Rfd8 17. Bd4 Ng4 18. Bxg7 Kxg7 19. h3 Ne5 20. Nxe5 Qxe5 21. f4 Qf6 22. Qe3 Qh4 23. f5 Nd7 24. Rf4 Qh5 25. fxg6 hxg6 26. Rdf1 Rf8 27. R1f3 Qe5 28. Rg3 e6 29. dxe6 Qxe6 30. Kh2 Rcd8 31. Bd1 Qb6 32. Qc1 Ne5 33. Rh4 Rh8 34. Rxh8 Rxh8 35. Qf4 Nd3 36. Qg5 Re8 37. b3 Qd4 38. Nd5 Bxd5 39. Qxd5 Rxe4 40. Qb7 Re6 41. Bf3 Re1 42. Rg4 Qe5+ 43. g3 Qb2+ 44. Bg2 Nf2 45. Rf4 1/2-1/2